अणसार (Record no. 432464)

MARC details
000 -LEADER
fixed length control field 00452nam a2200157Ia 4500
008 - FIXED-LENGTH DATA ELEMENTS--GENERAL INFORMATION
fixed length control field 100122s9999 xx 000 0 und d
082 ## - DEWEY DECIMAL CLASSIFICATION NUMBER
Item number 55933
Classification number 823
100 ## - MAIN ENTRY--PERSONAL NAME
Personal name अडालजा वर्षा
245 ## - TITLE STATEMENT
Title अणसार
260 ## - PUBLICATION, DISTRIBUTION, ETC. (IMPRINT)
Name of publisher, distributor, etc मेहता पब्लिकेशन हाऊस
Date of publication, distribution, etc 1999
300 ## - PHYSICAL DESCRIPTION
Extent 283
630 ## - SUBJECT ADDED ENTRY--UNIFORM TITLE
Uniform title अणसार
700 ## - ADDED ENTRY--PERSONAL NAME
Personal name नरवणे अंजनी
730 ## - ADDED ENTRY--UNIFORM TITLE
Uniform title अणसार
942 ## - ADDED ENTRY ELEMENTS (KOHA)
Koha item type Book
Holdings
Withdrawn status Lost status Damaged status Not for loan Home library Current library Date acquired Cost, normal purchase price Total Checkouts Full call number Barcode Date last seen Cost, replacement price Price effective from Koha item type Public note
        S.V. Pathak Library, Vile Parle S.V. Pathak Library, Vile Parle 03/15/1999 180.00   55933 SVPPARLE-55933 01/25/2010 180.00 01/25/2010 Book General NA